Retired NBA Teams - Statistics

General Stats
  • This quiz has been taken 4 times
  • The average score is 13 of 27
Answer Stats
Hint Answer % Correct
3. Baltimore Bullets
100%
2. Capital Bullets
100%
Thunder1. Seattle Supersonics
100%
Wizards1. Washington Bullets
100%
4. Chicago Zephyrs
67%
4. Rochester Royals
67%
76ers1. Syracuse Nationals
67%
Grizzlies1. Vancouver Grizzlies
67%
2. Buffalo Braves
33%
Hornets1. Charlotte Bobcats
33%
5. Chicago Packers
33%
3. Cincinnati Royals
33%
Pistons1. Fort Wayne Pistons
33%
2. Kansas City-Omaha Kings
33%
2. Milwaukee Hawks
33%
Lakers1. Minneapolis Lakers
33%
Nets1. New Jersey Nets
33%
Pelicans1. New Orleans Hornets
33%
Jazz1. New Orleans Jazz
33%
2. New York Nets
33%
2. Philadelphia Warriors
33%
Clippers1. San Diego Clippers
33%
Rockets1. San Diego Rockets
33%
Warriors1. San Francisco Warriors
33%
Hawks1. St. Louis Hawks
33%
3. Tri-Cities Blackhawks
33%
Kings1. Kansas City Kings
0%
No matching quizzes found
Score Distribution
Percent of People with Each Score
Percentile by Number Answered
Your Score History
You have not taken this quiz